| 000 | 00655nam a2200229Ia 4500 | ||
|---|---|---|---|
| 003 | IN-BaIIA | ||
| 008 | 211028s9999 xx 000 0 eng d | ||
| 020 | _a0-13-250597-5 | ||
| 040 | _cIIA Library | ||
| 080 |
_a621.38 _bRAS |
||
| 100 |
_aRaskhodoff, Nicholas M _97343 |
||
| 245 | 0 |
_aElectronic drafting and design _cNicholas M. Raskhodoff |
|
| 250 | _a2nd ed. | ||
| 260 |
_aEnglewood Cliffs _bPrentice-Hall _c1972 |
||
| 300 | _axvi, 666p. | ||
| 490 | _aPrentice-Hall series in electronic technology | ||
| 650 | _aElectronic control | ||
| 650 |
_aElectronic design _96297 |
||
| 650 |
_aElectronics _91576 |
||
| 650 | _aNASA Thesaurus | ||
| 942 | _cBK | ||
| 999 |
_c4175 _d4175 |
||